| 000 | 02280nam a2200421 a 4500 | ||
|---|---|---|---|
| 001 | fol21247528 | ||
| 003 | ICrlF | ||
| 005 | 20251216142854.0 | ||
| 008 | 250106s2025 nyu d 000 1 eng d | ||
| 010 | _a 2024939826 | ||
| 020 | _a9780063346147 | ||
| 035 | _a(ICrlF)2033EG | ||
| 040 |
_aICrlF _beng _cICrlF _dICrlF |
||
| 050 | 4 |
_aPZ7.F75876 _bAf 2025 |
|
| 082 | 0 | 4 |
_a[Fic] _223/eng/20250106 |
| 100 | 1 |
_aForman, Gayle. _93099 |
|
| 245 | 1 | 0 |
_aAfter life / _cGayle Forman. |
| 250 | _a1st ed. | ||
| 260 |
_aNew York : _bQuill Tree Books, an imprint of HarperCollinsPublishers, _c[2025] |
||
| 300 |
_a266 p. ; _c22 cm. |
||
| 510 | 3 | _aSchool Library Journal starred, January 2025 | |
| 510 | 3 | _aBooklist, December 2024 | |
| 510 | 3 | _aBulletin (Center for Children's Books), November 2024 | |
| 510 | 3 | _aPublishers Weekly Annex, December 2024 | |
| 520 | _a"One spring afternoon after school, Amber arrives home on her bike. It's just another perfectly normal day. But when Amber's mom sees her, she screams. Because Amber died seven years ago, hit by a car while on the very same bicycle she's inexplicably riding now. This return doesn't only impact Amber. Her sister, Melissa, now seven years older, must be a new kind of sibling to Amber. Amber's estranged parents are battling over her. And the changes ripple farther and farther out: Amber's friends, boyfriend, and even people she met only once have been deeply affected by her life and death. In the midst of everyone's turmoil, Amber is struggling with herself. What kind of person was she? How and why was she given this second chance?"--Provided by publisher. | ||
| 521 | 2 |
_aYoung Adult _bFollett Content Solutions. |
|
| 650 | 0 |
_aTeenagers _xDeath _vJuvenile fiction. _936077 |
|
| 650 | 0 |
_aFuture life _vJuvenile fiction. _93908 |
|
| 650 | 0 |
_aFamilies _vJuvenile fiction. |
|
| 650 | 0 |
_aOpportunity _vJuvenile fiction. _955271 |
|
| 650 | 1 |
_aTeenagers _xDeath _vFiction. |
|
| 650 | 1 |
_aFuture life _vFiction. _9572 |
|
| 650 | 1 |
_aFamily life _vFiction. |
|
| 650 | 1 |
_aOpportunity _vFiction. _955272 |
|
| 655 | 7 |
_aMagic realist fiction. _2lcgft |
|
| 940 |
_d12/01/25 _sSchool Library Journal starred, January 2025 _sBooklist, December 2024 _sBulletin (Center for Children's Books), November 2024 |
||
| 942 |
_2ddc _cBK |
||
| 999 |
_c129411 _d129411 |
||